Rickroll Link - Statistics

General Stats
  • This quiz has been taken 17 times
  • The average score is 12 of 43
Answer Stats
Answer % Correct
h
100%
p
86%
s
86%
t
86%
t
86%
:
29%
/
29%
/
29%
b
29%
c
29%
e
29%
m
29%
o
29%
o
29%
t
29%
u
29%
u
29%
w
29%
w
29%
w
29%
y
29%
.
14%
.
14%
/
14%
?
14%
=
14%
4
14%
a
14%
c
14%
c
14%
d
14%
g
14%
h
14%
Q
14%
Q
14%
t
14%
w
14%
w
14%
w
14%
W
14%
X
14%
9
0%
v
0%
No matching quizzes found
Score Distribution
Percent of People with Each Score
Percentile by Number Answered
Your Score History
You have not taken this quiz